Normal view
MARC view
- Corey, Gerald.
Entry Personal Name
001 - CONTROL NUMBER
- control field: 46010
003 - CONTROL NUMBER IDENTIFIER
- control field: OSt
005 - DATE AND TIME OF LATEST TRANSACTION
- control field: 20220916160509.0
008 - FIXED-LENGTH DATA ELEMENTS
- fixed length control field: 220916|| aca||aabn | a|a d
040 ## - CATALOGING SOURCE
- Original cataloging agency: OSt
- Transcribing agency: OSt
100 ## - HEADING--PERSONAL NAME
- Personal name: Corey, Gerald.
670 ## - SOURCE DATA FOUND
- Source citation: Work cat.: (OSt): Corey, Gerald., Theory and practice of group counseling /, ©2020.
